02237nam a22002777a 4500003000400000005001700004008004100021020001500062037001500077040004000092041000800132082001700140100006200157245008000219250001200299264002900311300002900340490003800369500002500407504003000432505050400462520086000966650004501826650005301871650003501924OSt20260421161809.0260421b |||||||| |||| 00| 0 eng d a9586533077 bDonación aCO-JMCRbspacCO-JMCRdCO-JMCRerda0 aspa04a346.07bN16o1 aNarváez García, José Ignacio, d1931 - 2010 eautor10aObligaciones y contratos mercantiles / cJosé Ignacio Narváez García  aSegunda aBogotá :bLegis,c2002 a281 páginas : c24 cm.0 aDerecho mercantil colombiano ;v5 aIncluye biografía  aBibliografía 279 - 281 2 aLa autonomía privada y la libertad de contratar -- La generalización de prácticas y reglas -- Marco conceptual de la contratación mercantil -- La praxis de la contratación mercantil -- Tratos preliminares de los contratantes -- Directrices de la ley mercantil sobre obligaciones -- Teorías erigidas en preceptos -- Aplicación de normas civiles a negocios jurídicos mercantiles -- Formación, efectos, interpretación y prueba -- Anomalías en los negocios jurídicos mercantiles 3 aLa vida económica contemporánea se ha acentuado con el extraordinario dinamismo y la intensidad de las actividades empresariales que hacen frente a la incesante oferta y demanda de los más variados bienes y servicios. En este entorno constantemente se configuran negocios jurídicos que generan, regulan, modifican, transforman o extinguen relaciones de contenido patrimonial. Las obligaciones dominan así el mundo de la contratación que se manifiesta en múltiples figuras o modalidades, dentro de las cuales se cuentan los contratos tipo, de empresa, complejos, plurilaterales, de administración o compra de cartera, consorcio, de leasing, de underwriting, de know how, de licencia industrial, de asistencia técnica, de franquicia, de outsourcing, informáticos, electrónicos y muchos otros, en gran número atípicos en Colombia.  7aContratosxLegislaciónzColombia2JMCR 7aDerecho comercialxLegislaciónzColombia2JMCR 7aObligaciones z Colombia2JMCR